Animals in the Bible - Sudden Death - Statistics

General Stats
  • This quiz has been taken 68 times
  • The average score is 5 of 17
Answers on the Grid
Answers color-coded by a green-red scale on the quiz's grid according to % correct below.
Bear
Camel
Cat
Chameleon
Crane
Dog
Eagle
Elephant
Flea
Fox
Giraffe
Guinea pig
Hippopotamus
Horse
Leopard
Lion
Lynx
Mole
Moose
Mouse
Okapi
Owl
Parrot
Penguin
Rabbit
Shark
Snake
Squirrel
Swan
Tiger
Worm
Zebra
 
Answer Stats
Answer % Correct
Camel
86%
Snake
53%
Lion
51%
Dog
47%
Horse
44%
Eagle
35%
Flea
30%
Bear
26%
Owl
19%
Worm
19%
Fox
14%
Mouse
14%
Crane
12%
Leopard
7%
Chameleon
5%
Mole
5%
Swan
5%
No matching quizzes found
Score Distribution
Percent of People with Each Score
Percentile by Number Answered
Your Score History
You have not taken this quiz